000
00325nam a2200121Ia 4500
008
190415s9999 xx 000 0 und d
082
_a
015.68 GUP-I
100
_a
Gupta, Vijay
245
0
_a
India and South Africa and South African Indians : Bibliography and documentatio
260
_c
1994
300
_a
124p.
942
_c
BK
999
_c
15320
_d
15320